| 000 | 00384nam a2200145Ia 4500 | ||
|---|---|---|---|
| 008 | 230312s9999||||xx |||||||||||||| ||und|| | ||
| 082 |
_a657.42 _bNIZ-F |
||
| 100 | _aNizam-ud-Din | ||
| 245 | 0 | _aFundamentals of Cost & Management Accounting | |
| 260 |
_bWaheed Publisehrs _aLahore _c2006 |
||
| 300 | _a530 | ||
| 546 | _aEng. | ||
| 650 |
_aAccounting _vCost control accounts |
||
| 942 | _cBK | ||
| 999 |
_c4928 _d4928 |
||